वैज्ञानिकांचे अवकाश आणि पृथ्वी. (Record no. 272482)

MARC details
000 -LEADER
fixed length control field 00791nam a2200181Ia 4500
008 - FIXED-LENGTH DATA ELEMENTS--GENERAL INFORMATION
fixed length control field 090630s9999 xx 000 0 und d
082 ## - DEWEY DECIMAL CLASSIFICATION NUMBER
Item number 20626
100 ## - MAIN ENTRY--PERSONAL NAME
Personal name वैद्य अमरेंद्र.
245 ## - TITLE STATEMENT
Title वैज्ञानिकांचे अवकाश आणि पृथ्वी.
Statement of responsibility, etc वैद्य अमरेंद्र.
260 ## - PUBLICATION, DISTRIBUTION, ETC. (IMPRINT)
Name of publisher, distributor, etc ज्ञानगंगा - पुणे.
300 ## - PHYSICAL DESCRIPTION
Extent 48
600 ## - SUBJECT ADDED ENTRY--PERSONAL NAME
Personal name वैद्य अमरेंद्र.
630 ## - SUBJECT ADDED ENTRY--UNIFORM TITLE
Uniform title वैज्ञानिकांचे अवकाश आणि पृथ्वी.
655 ## - INDEX TERM--GENRE/FORM
Genre/form data or focus term लघुकथा.
700 ## - ADDED ENTRY--PERSONAL NAME
Personal name वैद्य अमरेंद्र.
730 ## - ADDED ENTRY--UNIFORM TITLE
Uniform title वैज्ञानिकांचे अवकाश आणि पृथ्वी.
942 ## - ADDED ENTRY ELEMENTS (KOHA)
Koha item type Book
Holdings
Withdrawn status Lost status Damaged status Not for loan Home library Current library Date acquired Cost, normal purchase price Total Checkouts Full call number Barcode Date last seen Cost, replacement price Price effective from Koha item type
        Sarvajanik Wachanalaya Shrivardhan Sarvajanik Wachanalaya Shrivardhan 02/08/2004 25.00   20626 SAWASHRI-20626 06/30/2009 25.00 06/30/2009 Book